000 00926cam a2200289 i 4500
001 822334
003 ARRUPE
005 20140320172920.0
008 760916s1976 enkabf 001 0aeng
010 _a 76365935
015 _aGB***
020 _a057110536X :
_c£6.95
040 _aDLC
_cDLC
_dDLC
043 _af-ke---
_af-tz---
050 0 0 _aDT433.52
_b.P47
082 0 0 _a916.78/2/043
100 1 _aPerham, Margery,
_d1895-1982.
_99238
245 1 0 _aEast African journey :
_bKenya and Tanganyika, 1929-30 /
_cMargery Perham.
260 _aLondon :
_bFaber and Faber,
_c1976.
300 _a246 p., [4] leaves of plates :
_bill., map ;
_c23 cm.
500 _aIncludes index.
600 1 0 _aPerham, Margery,
_d1895-1982.
_99239
651 0 _aKenya
_xDescription and travel.
_99240
651 0 _aTanzania
_xDescription and travel.
_99241
906 _a7
_bcbc
_corignew
_du
_encip
_f19
_gy-gencatlg
942 _2lcc
_cREFERENCE
999 _c120246
_d120246